000 00626nam a22002417a 4500
003 UA-OsUOA
001 75223
007 ta
008 20110512b un ||||| |||| 00| 0 ukr d
100 _aЮрков І.
090 _a821.161.2-1
_bЮ75
942 _cBK
040 _aUA-OsUOA
_bukr
_cUA-OsUOA
_dUA-OsUOA
245 _aПрогулянка на пам'ять
_bвірші
300 _a170 с.
955 _a3
041 _aukr
080 _a821.161.2-1
020 _a978-966-378-143-3
260 _aК.
_c2010
650 7 _a82 Література. Літературознавство
_2UDC
999 _c361519
_d361519